[Event "SLO-chT2 East"]
[Site "Slovenia"]
[Date "2017.09.30"]
[Round "1"]
[White "Jeromelj, Bozo"]
[Black "Sahinovic, Fikret"]
[Result "0-1"]
[WhiteElo "1951"]
[BlackElo "1826"]
[PlyCount "68"]
[EventDate "2017.09.30"]
[EventType "team-tourn"]
[EventRounds "9"]
[EventCountry "SLO"]
[SourceTitle "EXT 2019"]
[Source "ChessBase"]
[SourceDate "2018.10.10"]
[SourceVersion "1"]
[SourceVersionDate "2018.10.10"]
[SourceQuality "1"]

1. e4 e6 2. d4 d5 3. e5 c5 4. c3 cxd4 5. cxd4 Nc6 6. Nf3 Nge7 7. Na3 a6 8. Nc2 g6 9. Bd3 Bd7 10. 0-0 Bg7 11. b4 0-0 12. a4 f6 13. Bb2 f5 14. Qd2 Na7 15. b5 a5 16. Ba3 b6 17. Rfc1 h6 18. Nce1 Rc8 19. Rxc8 Naxc8 20. Rc1 Rf7 21. Qc2 g5 22. Qc7 Qe8 23. Rc2 Ng6 24. Bc1 Bf8 25. Re2 g4 26. Nd2 Nf4 27. Re3 Nxd3 28. Rxd3 Bxb5 29. Qc2 Bxd3 30. Nxd3 Na7 31. Nf4 Nc6 32. Qb2 Nb4 33. Qb3 Rc7 34. Ba3 Qc6 0-1

[Event "SLO-chT2 East"]
[Site "Slovenia"]
[Date "2016.10.01"]
[Round "2"]
[White "Jeromelj, Bozo"]
[Black "Nemec, Hana"]
[Result "1/2-1/2"]
[WhiteElo "1987"]
[BlackElo "2022"]
[PlyCount "64"]
[EventDate "2016.09.24"]
[EventType "team-tourn"]
[EventRounds "9"]
[EventCountry "SLO"]
[SourceTitle "EXT 2019"]
[Source "ChessBase"]
[SourceDate "2018.10.10"]
[SourceVersion "1"]
[SourceVersionDate "2018.10.10"]
[SourceQuality "1"]
[WhiteTeam "Dravograd"]
[BlackTeam "Ljutomer Radenska"]
[WhiteTeamCountry "SLO"]
[BlackTeamCountry "SLO"]

1. e4 e6 2. d4 d5 3. e5 c5 4. c3 Nc6 5. Nf3 Qb6 6. Be2 Nh6 7. Bd3 Bd7 8. dxc5 Bxc5 9. 0-0 Ng4 10. Qe2 f6 11. b4 Be7 12. exf6 Nxf6 13. Bf4 0-0 14. Ne5 Nxe5 15. Bxe5 Bd6 16. h3 Qc7 17. Re1 Rae8 18. Nd2 Bxe5 19. Qxe5 Qxe5 20. Rxe5 a6 21. Rae1 Re7 22. c4 Rfe8 23. Nf3 Bc6 24. Nd4 Kf7 25. b5 dxc4 26. Bxc4 Bd5 27. Bxd5 exd5 28. Rxe7+ Rxe7 29. Rxe7+ Kxe7 30. Nf5+ Kf7 31. bxa6 bxa6 32. f3 g6 1/2-1/2

[Event "SLO-chT2 East"]
[Site "Slovenia"]
[Date "2016.09.24"]
[Round "1"]
[White "Vadlja, Branko"]
[Black "Jeromelj, Bozo"]
[Result "1/2-1/2"]
[WhiteElo "1944"]
[BlackElo "1987"]
[PlyCount "34"]
[EventDate "2016.09.24"]
[EventType "team-tourn"]
[EventRounds "9"]
[EventCountry "SLO"]
[SourceTitle "EXT 2019"]
[Source "ChessBase"]
[SourceDate "2018.10.10"]
[SourceVersion "1"]
[SourceVersionDate "2018.10.10"]
[SourceQuality "1"]
[WhiteTeam "Maribor ZSK III"]
[BlackTeam "Dravograd"]
[WhiteTeamCountry "SLO"]
[BlackTeamCountry "SLO"]

1. c4 Nf6 2. Nc3 g6 3. g3 Bg7 4. Bg2 0-0 5. e4 d6 6. Nge2 c5 7. 0-0 Nc6 8. h3 Nd7 9. d3 Nb6 10. f4 f5 11. Rf3 Nd4 12. Rf1 a6 13. Kh2 Kh8 14. Kg1 Kg8 15. Kh2 Kh8 16. Kg1 Kg8 17. Kh2 Kh8 1/2-1/2

[Event "SLO-chT2 East"]
[Site "Slovenia"]
[Date "2014.10.25"]
[Round "6"]
[White "Peric, Bernard"]
[Black "Jeromelj, Bozo"]
[Result "1-0"]
[WhiteElo "2046"]
[BlackElo "2023"]
[PlyCount "77"]
[EventDate "2014.09.13"]
[EventType "team-tourn"]
[EventRounds "9"]
[EventCountry "SLO"]
[SourceTitle "EXT 2019"]
[Source "ChessBase"]
[SourceDate "2018.10.10"]
[SourceVersion "1"]
[SourceVersionDate "2018.10.10"]
[SourceQuality "1"]
[WhiteTeam "Zagorje ob Savi"]
[BlackTeam "Dravograd"]
[WhiteTeamCountry "SLO"]
[BlackTeamCountry "SLO"]

1. d4 Nf6 2. Bg5 Ne4 3. Bf4 c5 4. f3 Qa5+ 5. c3 Nf6 6. d5 d6 7. e4 Nbd7 8. Nd2 Qc7 9. Qb3 g6 10. Nh3 Bg7 11. Nf2 a6 12. a4 b6 13. Nc4 0-0 14. g4 Ne8 15. Rd1 Rb8 16. Ne3 b5 17. axb5 axb5 18. Be2 c4 19. Qc2 e5 20. dxe6 fxe6 21. Nh3 Qc5 22. Qd2 Rb6 23. Nc2 Qc6 24. Be3 Rb8 25. Nd4 Bxd4 26. Qxd4 e5 27. Qd5+ Qxd5 28. Rxd5 Ndf6 29. Rxb5 Rxb5 30. Bxc4+ d5 31. Bxb5 dxe4 32. Bc5 Rf7 33. Bc4 Kg7 34. Bxf7 Kxf7 35. Ng5+ Kg7 36. Nxe4 Nxe4 37. fxe4 Bxg4 38. Rf1 Nf6 39. Bf8+ 1-0

[Event "SLO-chT2 East"]
[Site "Slovenia"]
[Date "2013.12.09"]
[Round "8"]
[White "Havas, Juraj"]
[Black "Jeromelj, Bozo"]
[Result "1/2-1/2"]
[WhiteElo "2104"]
[BlackElo "2042"]
[PlyCount "81"]
[EventDate "2013.09.07"]
[EventType "team-tourn"]
[EventRounds "9"]
[EventCountry "SLO"]
[SourceTitle "EXT 2015"]
[Source "ChessBase"]
[SourceDate "2014.11.20"]
[SourceVersion "1"]
[SourceVersionDate "2014.11.20"]
[SourceQuality "1"]

1. d4 Nf6 2. c4 g6 3. Nc3 Bg7 4. e4 d6 5. f3 0-0 6. Bg5 Nbd7 7. Nh3 h6 8. Be3 Kh7 9. Nf2 e5 10. d5 Nh5 11. Qc2 a5 12. 0-0-0 Nc5 13. Nd3 Nxd3+ 14. Bxd3 Nf4 15. Bf1 Qe7 16. g3 Nh5 17. Be2 f5 18. Kb1 f4 19. Bf2 Nf6 20. g4 Ne8 21. Rc1 b6 22. h4 Kg8 23. h5 g5 24. Nb5 Ba6 25. Nc3 Nf6 26. b3 Rfb8 27. Nb5 Bc8 28. a3 Ne8 29. Rhd1 Bd7 30. Rd3 Bf6 31. Be1 Bxb5 32. cxb5 Qd7 33. Rc3 Bd8 34. Rc4 Rb7 35. Rc6 Kf7 36. Kb2 Rba7 37. Bf2 Rb7 38. Ra1 Ke7 39. Be1 Rba7 40. Rc4 Kf7 41. Rc6 1/2-1/2

[Event "SLO-chT2 East"]
[Site "Slovenia"]
[Date "2013.12.09"]
[Round "9"]
[White "Jeromelj, Bozo"]
[Black "Skuhala, Barbara"]
[Result "0-1"]
[WhiteElo "2042"]
[BlackElo "1885"]
[PlyCount "68"]
[EventDate "2013.09.07"]
[EventType "team-tourn"]
[EventRounds "9"]
[EventCountry "SLO"]
[SourceTitle "EXT 2015"]
[Source "ChessBase"]
[SourceDate "2014.11.20"]
[SourceVersion "1"]
[SourceVersionDate "2014.11.20"]
[SourceQuality "1"]

1. d4 Nf6 2. c4 e6 3. Nf3 d5 4. Bg5 Be7 5. Nc3 0-0 6. e3 b6 7. cxd5 exd5 8. Rc1 Bb7 9. Bd3 Nbd7 10. 0-0 c5 11. Re1 Ne4 12. Bxe7 Qxe7 13. Nd2 Ndf6 14. f3 Nxc3 15. bxc3 cxd4 16. cxd4 Qa3 17. Qb3 Qa5 18. Rc2 Rfe8 19. Kf2 Rac8 20. Bf5 Rxc2 21. Qxc2 g6 22. Bh3 Qb4 23. Qd3 Bc8 24. Rc1 Bxh3 25. gxh3 Qd6 26. Kg2 Qe7 27. Nf1 Nh5 28. Qb5 Qg5+ 29. Kf2 Re6 30. Rc8+ Kg7 31. Qd7 Qh4+ 32. Kg2 Nf4+ 33. exf4 Re2+ 34. Kg1 Qf2+ 0-1